| 000 | 00497nam a2200181Ia 4500 | ||
|---|---|---|---|
| 001 | 22667 | ||
| 005 | 20260414150846.0 | ||
| 008 | 260414t2003||||xx |||||||||||||| ||spa|| | ||
| 041 | _aESP | ||
| 082 |
_a621.384 _bF52 |
||
| 100 |
_aFinkenzeller, Klaus _eAUT |
||
| 245 | 0 |
_aRFID Handbook : _bfundamentals and applications in contactless smart card and identification |
|
| 260 | _c2003 | ||
| 300 |
_axviii, 427 páginas : _c25 cm. |
||
| 650 | _aTCA | ||
| 654 | _aCET | ||
| 942 |
_cLIB _dJUS _fJUS _2ddc _n |
||
| 999 |
_c22667 _d22667 |
||